000 00883nam a2200265 i 4500
001 000031456
003 DO-SdBNP
005 20260526100729.0
007 ta
008 110622s1968 dr a 001 0dspa d
040 _aDO-SdBNP
_bspa
_cBNPHU
_erda
041 _aspa
082 4 _a972.9304
_bN789v 1968
_222
100 1 _aNolasco, Sócrates,
_d1884-1980
_eautor
_4aut.
_922323
245 1 0 _aViejas memorias :
_bsegunda serie /
_cSócrates Nolasco.
264 1 _aSanto Domingo :
_bEditora Del Caribe,
_c1968.
300 _a264 páginas :
_bilustraciones ;
_c23 cm.
336 _atexto
_btxt
_2rdacontent
337 _asin mediación
_bn
_2rdamedia
338 _avolumen
_bnc
_2rdacarrier
590 _aInventariado, 2020/YL
651 4 _aRepública Dominicana
_xHistoria
_ySiglo XIX
_xEnsayos, Conferencias, Etc.
_954805
910 _aValidado. Control de calidad EMS
942 _2ddc
_cLBS1
999 _c30948
_d30948